[Event "BAN-chT"]
[Site "Dhaka"]
[Date "2019.12.14"]
[Round "8.1"]
[White "Bose, Protul Chandra"]
[Black "Mohammad, Manik"]
[Result "1/2-1/2"]
[WhiteElo "2107"]
[BlackElo "1853"]
[PlyCount "94"]
[EventDate "2019.12.07"]
[EventType "team-tourn"]
[EventRounds "11"]
[EventCountry "BAN"]
[SourceTitle "CBM 194 Extra"]
[Source "ChessBase"]
[SourceDate "2020.03.31"]
[SourceVersion "1"]
[SourceVersionDate "2020.03.31"]
[SourceQuality "1"]
[WhiteTeam "Sonali Bank Sports"]
[BlackTeam "Sonargaon CC"]
[WhiteTeamCountry "BAN"]
[BlackTeamCountry "BAN"]

1. e4 e5 2. Nf3 Nc6 3. Bc4 Nf6 4. Ng5 d5 5. exd5 Nxd5 6. Nxf7 Kxf7 7. Qf3+ Qf6 8. Bxd5+ Ke8 9. c3 Qxf3 10. Bxf3 Bf5 11. 0-0 Kd7 12. Re1 Bd6 13. Be4 Raf8 14. d3 h6 15. Be3 a6 16. Nd2 Nd8 17. d4 Kc8 18. Rad1 Ne6 19. dxe5 Bxe5 20. Bxf5 Rxf5 21. Nc4 Bf4 22. g3 Bxe3 23. Nxe3 Rf7 24. f4 g5 25. f5 Ng7 26. g4 h5 27. h3 hxg4 28. hxg4 Ne8 29. Nd5 Nd6 30. Kg2 Rh4 31. Kf3 Rh3+ 32. Kg2 Rh4 33. Kf3 Rh3+ 34. Kg2 Rh4 35. Ne7+ Kd7 36. Ng6 Rxg4+ 37. Kh3 Ra4 38. Ne5+ Ke7 39. Nxf7+ Kxf7 40. Rd5 Rf4 41. Rc5 c6 42. Rce5 Nxf5 43. Rg1 Kf6 44. Re8 Rh4+ 45. Kg2 Rg4+ 46. Kf2 Rf4+ 47. Ke2 g4 1/2-1/2

[Event "Dhaka Rating op"]
[Site "Dhaka"]
[Date "2019.05.24"]
[Round "3"]
[White "Alam, Md Monjur"]
[Black "Mohammad, Manik"]
[Result "1-0"]
[WhiteElo "2031"]
[BlackElo "1853"]
[PlyCount "61"]
[EventDate "2019.05.23"]
[EventType "swiss"]
[EventRounds "8"]
[EventCountry "BAN"]
[SourceTitle "EXT 2020"]
[Source "ChessBase"]
[SourceDate "2019.10.17"]
[SourceVersion "1"]
[SourceVersionDate "2019.10.17"]
[SourceQuality "1"]

1. d4 d5 2. c4 e6 3. Nc3 Nf6 4. Bg5 Be7 5. e3 0-0 6. Nf3 Ne4 7. Bxe7 Qxe7 8. Qc2 f5 9. Be2 c6 10. 0-0 Nd7 11. Rac1 Rf6 12. Rfe1 Rh6 13. h3 Ndf6 14. Ne5 Ng4 15. Bxg4 fxg4 16. Nxg4 Rh4 17. Nxe4 dxe4 18. Kh2 Qg5 19. Ne5 Qh6 20. Qe2 g5 21. f3 Qg7 22. Rf1 h5 23. g3 exf3 24. Qd3 g4 25. gxh4 g3+ 26. Kg1 f2+ 27. Kg2 Bd7 28. Qg6 Qxg6 29. Nxg6 e5 30. Nxe5 Bf5 31. Kxg3 1-0

[Event "Dhaka Walton op 07"]
[Site "Dhaka"]
[Date "2018.07.10"]
[Round "7"]
[White "Md Moniruzzaman, Masud"]
[Black "Mohammad, Manik"]
[Result "1/2-1/2"]
[WhiteElo "1851"]
[BlackElo "1912"]
[PlyCount "75"]
[EventDate "2018.07.04"]
[EventType "swiss"]
[EventRounds "9"]
[EventCountry "BAN"]
[SourceTitle "EXT 2019"]
[Source "ChessBase"]
[SourceDate "2018.10.10"]
[SourceVersion "1"]
[SourceVersionDate "2018.10.10"]
[SourceQuality "1"]

1. e4 e5 2. Nf3 Nc6 3. Bb5 Bc5 4. 0-0 Nge7 5. c3 0-0 6. d4 exd4 7. cxd4 Bb6 8. d5 Nb8 9. Bg5 f6 10. Bh4 d6 11. Nd4 a6 12. Ba4 Bxd4 13. Qxd4 b5 14. Bc2 Ng6 15. Bg3 Nd7 16. Nc3 Rb8 17. Rac1 Nde5 18. Ne2 Rf7 19. Bb1 b4 20. b3 Bd7 21. h3 Bb5 22. Rfe1 a5 23. Qd1 Bxe2 24. Rxe2 Nd7 25. h4 Nc5 26. h5 Nf8 27. Bf4 Nfd7 28. Re1 Re7 29. Qg4 Ne5 30. Qg3 Qe8 31. Qh3 g5 32. Bxe5 fxe5 33. Qg4 h6 34. g3 Qc8 35. Qf5 Qxf5 36. exf5 Kg7 37. Kg2 Kf6 38. Kf3 1/2-1/2

[Event "Dhaka Walton op 07"]
[Site "Dhaka"]
[Date "2018.07.06"]
[Round "3"]
[White "Mohammad, Manik"]
[Black "Mohammad Shafiqul, Islam"]
[Result "1-0"]
[WhiteElo "1912"]
[BlackElo "1447"]
[PlyCount "65"]
[EventDate "2018.07.04"]
[EventType "swiss"]
[EventRounds "9"]
[EventCountry "BAN"]
[SourceTitle "EXT 2019"]
[Source "ChessBase"]
[SourceDate "2018.10.10"]
[SourceVersion "1"]
[SourceVersionDate "2018.10.10"]
[SourceQuality "1"]

1. e4 c5 2. Nf3 e6 3. d4 cxd4 4. Nxd4 a6 5. Nc3 Qc7 6. Bd3 Nf6 7. a3 b5 8. Be3 Bb7 9. h3 b4 10. axb4 Bxb4 11. 0-0 Bxc3 12. bxc3 0-0 13. f3 Qxc3 14. Rb1 Qc7 15. Ne2 Nc6 16. Bb6 Qb8 17. f4 d6 18. c4 Nd7 19. Be3 a5 20. e5 Nc5 21. exd6 Nxd3 22. Qxd3 Nb4 23. Qd2 Ra6 24. c5 Rd8 25. Nc3 Rc6 26. f5 Ba6 27. fxe6 Bxf1 28. exf7+ Kxf7 29. Rxf1+ Kg8 30. Nd5 Qb5 31. Ne7+ Kh8 32. Qf2 Qb8 33. Bd4 1-0

[Event "Dhaka Walton op"]
[Site "Dhaka"]
[Date "2018.06.01"]
[Round "7"]
[White "Mohammad, Manik"]
[Black "Bhuiyan, Golam Mostafa"]
[Result "0-1"]
[WhiteElo "1889"]
[BlackElo "2101"]
[PlyCount "76"]
[EventDate "2018.05.26"]
[EventType "swiss"]
[EventRounds "9"]
[EventCountry "BAN"]
[SourceTitle "CBM 184 Extra"]
[Source "ChessBase"]
[SourceDate "2018.06.28"]
[SourceVersion "1"]
[SourceVersionDate "2018.06.28"]
[SourceQuality "1"]

1. e4 e5 2. d4 Qe7 3. d5 d6 4. c4 f5 5. exf5 Bxf5 6. Nc3 Nd7 7. Be3 Ngf6 8. h3 h6 9. Qa4 Qd8 10. Be2 Be7 11. g4 Bg6 12. Nf3 Nh7 13. h4 Nhf6 14. Nd2 a6 15. 0-0-0 0-0 16. g5 hxg5 17. hxg5 Nh7 18. Rdg1 Nc5 19. Qd1 Qd7 20. Bxc5 dxc5 21. Bg4 Rf5 22. Nde4 Raf8 23. Qd2 b5 24. Ng3 Bxg5 25. Nxf5 Bxd2+ 26. Kxd2 Bxf5 27. Be2 c6 28. Ke1 b4 29. Na4 cxd5 30. Nb6 Qd6 31. Nxd5 Be6 32. Rh5 Bxd5 33. cxd5 Rf4 34. Rh3 c4 35. Rgh1 Nf6 36. b3 Qc5 37. Re3 Nxd5 38. Rf3 cxb3 0-1

[Event "Dhaka IRT U2000"]
[Site "Dhaka"]
[Date "2018.02.20"]
[Round "7"]
[White "Mohammad, Manik"]
[Black "Abijit, Barua"]
[Result "0-1"]
[WhiteElo "1903"]
[BlackElo "1826"]
[PlyCount "40"]
[EventDate "2018.02.14"]
[EventType "swiss"]
[EventRounds "9"]
[EventCountry "BAN"]
[SourceTitle "EXT 2024"]
[Source "ChessBase"]
[SourceDate "2023.10.10"]
[SourceVersion "1"]
[SourceVersionDate "2023.10.10"]
[SourceQuality "1"]

1. e4 e5 2. Nf3 Nc6 3. Bc4 Bc5 4. c3 Nf6 5. d4 exd4 6. e5 d5 7. Bb5 Ne4 8. Nxd4 Bd7 9. Bxc6 bxc6 10. 0-0 0-0 11. Qh5 g6 12. Qh6 Re8 13. f3 Bf8 14. Qe3 Nd6 15. f4 Nf5 16. Nxf5 Bxf5 17. h3 f6 18. g4 Bxb1 19. Rxb1 fxe5 20. fxe5 Bg7 0-1

[Event "Dhaka IRT U2000"]
[Site "Dhaka"]
[Date "2018.02.15"]
[Round "2"]
[White "Sabbir, Shah"]
[Black "Mohammad, Manik"]
[Result "1-0"]
[WhiteElo "1763"]
[BlackElo "1903"]
[PlyCount "87"]
[EventDate "2018.02.14"]
[EventType "swiss"]
[EventRounds "9"]
[EventCountry "BAN"]
[SourceTitle "EXT 2024"]
[Source "ChessBase"]
[SourceDate "2023.10.10"]
[SourceVersion "1"]
[SourceVersionDate "2023.10.10"]
[SourceQuality "1"]

1. d4 d5 2. Nf3 Nf6 3. Bf4 Bf5 4. e3 e6 5. Bd3 Bg6 6. 0-0 Bd6 7. Be5 Nbd7 8. Bxd6 cxd6 9. Bxg6 hxg6 10. Nbd2 Ne4 11. c4 g5 12. cxd5 exd5 13. Nxe4 dxe4 14. Nd2 d5 15. f3 Nf6 16. fxe4 dxe4 17. Qa4+ Kf8 18. Qb4+ Qe7 19. Qxe7+ Kxe7 20. h3 Rac8 21. Rac1 g6 22. Kf2 g4 23. Kg3 gxh3 24. gxh3 Nh5+ 25. Kg2 f5 26. Nc4 Ke6 27. Ne5 f4 28. Kf2 g5 29. Rg1 Ng3 30. exf4 gxf4 31. Ng6 Rcf8 32. Nxf8+ Rxf8 33. Rc5 Rd8 34. Rd1 Kd6 35. Rg5 Ke6 36. d5+ Kf6 37. Rxg3 fxg3+ 38. Kxg3 Ke5 39. d6 Rd7 40. h4 Kf5 41. Rd5+ Ke6 42. Rd1 Kf5 43. h5 Ke6 44. Kf4 1-0

[Event "BAN Marcel 1st Div"]
[Site "Dhaka"]
[Date "2018.01.04"]
[Round "6.1"]
[White "Mohammad, Manik"]
[Black "Mohammed, Tajul Islam"]
[Result "1-0"]
[WhiteElo "1900"]
[BlackElo "1890"]
[PlyCount "111"]
[EventDate "2017.12.30"]
[EventType "team-tourn"]
[EventRounds "9"]
[EventCountry "BAN"]
[SourceTitle "CBM 182 Extra"]
[Source "ChessBase"]
[SourceDate "2018.02.23"]
[SourceVersion "1"]
[SourceVersionDate "2018.02.23"]
[SourceQuality "1"]
[WhiteTeam "Sonargaon CC"]
[BlackTeam "Mir CC"]
[WhiteTeamCountry "BAN"]
[BlackTeamCountry "BAN"]

1. e4 d6 2. d4 Nd7 3. Nf3 c5 4. d5 a6 5. c4 g6 6. Nc3 Bg7 7. Bd3 Ngf6 8. h3 0-0 9. 0-0 Qc7 10. Re1 Ne5 11. Nxe5 dxe5 12. Be2 Bd7 13. Rf1 Rac8 14. f4 Ne8 15. f5 Nd6 16. g4 b5 17. cxb5 axb5 18. Qc2 b4 19. Nd1 Bb5 20. Nf2 c4 21. Be3 Qb7 22. Rfc1 Rfd8 23. a4 Ba6 24. Qd1 e6 25. fxg6 hxg6 26. dxe6 Nxe4 27. exf7+ Qxf7 28. Qe1 Nxf2 29. Bxf2 Rf8 30. b3 Qf4 31. Bg3 Qe3+ 32. Kh2 Qxb3 33. Rcb1 Qc3 34. Rxb4 e4 35. Rab1 Qc2 36. Rb6 Qxa4 37. Rxg6 Rf6 38. Rxg7+ Kxg7 39. Be5 Kf7 40. Bxf6 Kxf6 41. Qh4+ Kg7 42. Qg5+ Kh7 43. Qf5+ Kg7 44. Rb6 Qe8 45. Qg5+ Kf8 46. Rf6+ Qf7 47. Qh6+ Ke7 48. Rxf7+ Kxf7 49. Qxa6 Rf8 50. Qxc4+ Kg7 51. Qxe4 Rf7 52. h4 Kf8 53. Bc4 Rf6 54. g5 Rf2+ 55. Kg3 Rf6 56. Qa8+ 1-0

[Event "BAN Marcel 1st Div"]
[Site "Dhaka"]
[Date "2018.01.03"]
[Round "5.1"]
[White "Mohammad, Alamgir1"]
[Black "Mohammad, Manik"]
[Result "0-1"]
[WhiteElo "1816"]
[BlackElo "1900"]
[PlyCount "116"]
[EventDate "2017.12.30"]
[EventType "team-tourn"]
[EventRounds "9"]
[EventCountry "BAN"]
[SourceTitle "CBM 182 Extra"]
[Source "ChessBase"]
[SourceDate "2018.02.23"]
[SourceVersion "1"]
[SourceVersionDate "2018.02.23"]
[SourceQuality "1"]
[WhiteTeam "Kasparov CC"]
[BlackTeam "Sonargaon CC"]
[WhiteTeamCountry "BAN"]
[BlackTeamCountry "BAN"]

1. e4 e5 2. Nf3 Nc6 3. Bb5 Bc5 4. c3 Qe7 5. 0-0 a6 6. Ba4 b5 7. Bc2 d6 8. d4 Bb6 9. h3 h6 10. a4 bxa4 11. dxe5 dxe5 12. Bxa4 Bd7 13. Qd5 Nf6 14. Qc4 Nb8 15. Bxd7+ Nfxd7 16. b3 0-0 17. Ba3 c5 18. Nbd2 Nc6 19. Rfd1 Rfd8 20. Nf1 Nf6 21. Ne3 Na5 22. Qa4 Qe8 23. Qxe8+ Rxe8 24. Nd2 Rad8 25. Nec4 Nxc4 26. Nxc4 Ba7 27. f3 Nh5 28. Kf1 f6 29. Bb2 Nf4 30. h4 h5 31. g3 Nd3 32. Ba3 Re7 33. Ke2 Red7 34. Ne3 c4 35. Nxc4 Bc5 36. Rxd3 Rxd3 37. Bxc5 Rxc3 38. Rb1 Rb8 39. Bb6 a5 40. Bxa5 Rxc4 41. Bd2 Rc2 42. b4 Rd8 43. Rd1 Rb2 44. Ke1 Rb3 45. Ke2 Kf7 46. Rc1 Rb2 47. Rd1 Ke6 48. Ke1 g6 49. g4 hxg4 50. fxg4 Rd4 51. h5 gxh5 52. gxh5 Rxe4+ 53. Kf1 Rh4 54. h6 Rh1+ 55. Ke2 Rxh6 56. Kd3 Rh3+ 57. Kc4 Rc2+ 58. Kb5 Rd3 0-1

[Event "Dhaka Powertec op-B"]
[Site "Dhaka"]
[Date "2017.07.15"]
[Round "1"]
[White "Sree Liton Chandra, Shill"]
[Black "Mohammad, Manik"]
[Result "0-1"]
[WhiteElo "1643"]
[BlackElo "1932"]
[PlyCount "34"]
[EventDate "2017.07.15"]
[EventType "swiss"]
[EventRounds "9"]
[EventCountry "BAN"]
[SourceTitle "EXT 2018"]
[Source "ChessBase"]
[SourceDate "2017.10.13"]
[SourceVersion "1"]
[SourceVersionDate "2017.10.13"]
[SourceQuality "1"]

1. e4 e5 2. Nf3 Nc6 3. Bb5 Bc5 4. Bxc6 dxc6 5. a3 Be6 6. c3 Qd3 7. Nxe5 Qxe4+ 8. Qe2 Qxg2 9. Rf1 0-0-0 10. d4 Bd6 11. Nxc6 bxc6 12. Qa6+ Kd7 13. Be3 f5 14. f4 Qxb2 15. Rf2 Qxa1 16. Qd3 Rb8 17. Rd2 Qxb1+ 0-1

[Event "Dhaka SGS op"]
[Site "Dhaka"]
[Date "2017.06.10"]
[Round "8"]
[White "Rahman, Ataur"]
[Black "Mohammad, Manik"]
[Result "1-0"]
[WhiteElo "1815"]
[BlackElo "1985"]
[PlyCount "61"]
[EventDate "2017.06.03"]
[EventType "swiss"]
[EventRounds "9"]
[EventCountry "BAN"]
[SourceTitle "EXT 2024"]
[Source "ChessBase"]
[SourceDate "2023.10.10"]
[SourceVersion "1"]
[SourceVersionDate "2023.10.10"]
[SourceQuality "1"]

1. e4 e5 2. Nf3 Nc6 3. d4 exd4 4. Bc4 h6 5. Nxd4 Nf6 6. Nc3 Bb4 7. 0-0 Bxc3 8. bxc3 d6 9. Nxc6 bxc6 10. e5 Ng8 11. exd6 cxd6 12. Ba3 d5 13. Re1+ Be6 14. Rxe6+ fxe6 15. Qh5+ Kd7 16. Qf7+ Ne7 17. Re1 Re8 18. Qxe6+ Kc7 19. Qe5+ Kb7 20. Rb1+ Qb6 21. Rxb6+ axb6 22. Bxe7 dxc4 23. Qxg7 Ka6 24. Qf7 Kb5 25. g3 c5 26. a4+ Kc6 27. Qe6+ Kb7 28. Qd7+ Ka6 29. Qb5+ Ka7 30. a5 Rab8 31. axb6+ 1-0

[Event "Dhaka SGS op"]
[Site "Dhaka"]
[Date "2017.06.06"]
[Round "4"]
[White "Mohammad Nazmul, Hasan"]
[Black "Mohammad, Manik"]
[Result "1-0"]
[WhiteElo "1743"]
[BlackElo "1985"]
[PlyCount "63"]
[EventDate "2017.06.03"]
[EventType "swiss"]
[EventRounds "9"]
[EventCountry "BAN"]
[SourceTitle "EXT 2019"]
[Source "ChessBase"]
[SourceDate "2018.10.10"]
[SourceVersion "1"]
[SourceVersionDate "2018.10.10"]
[SourceQuality "1"]

1. d4 d5 2. c4 c6 3. cxd5 cxd5 4. Nc3 a6 5. a3 Nf6 6. Bg5 Nc6 7. e3 e6 8. Nf3 Be7 9. Bd3 Bd7 10. 0-0 h6 11. Bf4 g5 12. Be5 Rg8 13. Qb3 Na5 14. Qd1 Rc8 15. Rc1 Nc6 16. Bb1 Na5 17. Nd2 Nc4 18. Nxc4 Rxc4 19. f4 g4 20. f5 Nh5 21. fxe6 Bxe6 22. Ba2 Rc8 23. Qa4+ Kf8 24. e4 Bd6 25. exd5 Bxe5 26. dxe5 Bd7 27. Qb4+ Ke8 28. e6 fxe6 29. dxe6 Qg5 30. exd7+ Kxd7 31. Rcd1+ Kc7 32. Qd6# 1-0

[Event "BAN-chT2"]
[Site "Dhaka"]
[Date "2016.11.09"]
[Round "7.2"]
[White "Mohammad, Manik"]
[Black "Md Emdadul, Haque"]
[Result "1-0"]
[WhiteElo "1980"]
[BlackElo "1996"]
[PlyCount "65"]
[EventDate "2016.11.03"]
[EventType "team-swiss"]
[EventRounds "7"]
[EventCountry "BAN"]
[SourceTitle "CBM 175 Extra"]
[Source "ChessBase"]
[SourceDate "2016.12.12"]
[SourceVersion "1"]
[SourceVersionDate "2016.12.12"]
[SourceQuality "1"]
[WhiteTeam "Sonargaon CC"]
[BlackTeam "Uttara Central CC"]
[WhiteTeamCountry "BAN"]
[BlackTeamCountry "BAN"]

1. e4 c5 2. Nf3 Nc6 3. d4 cxd4 4. Nxd4 e6 5. Nxc6 bxc6 6. Bd3 Nf6 7. Be3 d5 8. e5 Nd7 9. f4 c5 10. 0-0 g6 11. c4 d4 12. Bf2 Bb7 13. Nd2 Qc7 14. Ne4 Rb8 15. b3 Be7 16. Qg4 h5 17. Qh3 h4 18. g4 Bxe4 19. Bxe4 g5 20. f5 Qxe5 21. fxe6 Qxe4 22. exd7+ Kxd7 23. Rae1 Qc6 24. Re5 f6 25. Rd5+ Kc7 26. Be1 Rhf8 27. Qf3 Rbe8 28. Ba5+ Qb6 29. Bxb6+ axb6 30. Re1 Bd8 31. Re4 Rxe4 32. Qxe4 Kb8 33. Rd7 1-0

[Event "BAN-chT2"]
[Site "Dhaka"]
[Date "2016.11.06"]
[Round "4.1"]
[White "Mohammad, Manik"]
[Black "Jaber, Al Hamid"]
[Result "1-0"]
[WhiteElo "1980"]
[BlackElo "1905"]
[PlyCount "83"]
[EventDate "2016.11.03"]
[EventType "team-swiss"]
[EventRounds "7"]
[EventCountry "BAN"]
[SourceTitle "CBM 175 Extra"]
[Source "ChessBase"]
[SourceDate "2016.12.12"]
[SourceVersion "1"]
[SourceVersionDate "2016.12.12"]
[SourceQuality "1"]
[WhiteTeam "Sonargaon CC"]
[BlackTeam "New Nation Fenchugonj"]
[WhiteTeamCountry "BAN"]
[BlackTeamCountry "BAN"]

1. e4 e5 2. Nf3 Nc6 3. Bc4 Bc5 4. c3 Nf6 5. d3 d6 6. h3 h6 7. 0-0 0-0 8. a4 a5 9. Be3 Qe7 10. Nbd2 Kh7 11. d4 exd4 12. cxd4 Bb6 13. Rc1 Nb4 14. e5 Nfd5 15. Bxd5 Nxd5 16. Qc2+ g6 17. Nc4 Nb4 18. Qd2 d5 19. Nxb6 cxb6 20. Bxh6 Rg8 21. Bg5 Qe6 22. Qf4 Rg7 23. Bf6 Qf5 24. Qxf5 Bxf5 25. Ng5+ Kg8 26. Bxg7 Kxg7 27. Rc7 Rf8 28. e6 Nc6 29. g4 Bd3 30. Rd1 Bc2 31. Rd2 Bxa4 32. exf7 Nd8 33. Re2 Kh6 34. f4 Bc6 35. Re8 Rxf7 36. Rh8+ Kg7 37. Rh7+ Kg8 38. Nxf7 Nxf7 39. Rcxf7 Be8 40. Rhg7+ Kh8 41. Rxb7 b5 42. Rge7 1-0

[Event "Dhaka op"]
[Site "Dhaka"]
[Date "2016.06.25"]
[Round "2"]
[White "Mohammad, Manik"]
[Black "Rahman, Ziaur"]
[Result "1-0"]
[WhiteElo "1947"]
[BlackElo "2521"]
[PlyCount "143"]
[EventDate "2016.06.24"]
[EventType "swiss"]
[EventRounds "9"]
[EventCountry "BAN"]
[SourceTitle "EXT 2017"]
[Source "ChessBase"]
[SourceDate "2016.10.25"]
[SourceVersion "1"]
[SourceVersionDate "2016.10.25"]
[SourceQuality "1"]

1. e4 c5 2. Nf3 e6 3. d4 cxd4 4. Nxd4 Nc6 5. Nxc6 bxc6 6. Bd3 Nf6 7. 0-0 d6 8. Be3 Be7 9. Nd2 0-0 10. h3 Bb7 11. c3 Qc7 12. f4 c5 13. b3 d5 14. e5 Nd7 15. Qg4 a5 16. Nf3 c4 17. bxc4 dxc4 18. Bc2 Nc5 19. f5 exf5 20. Bxf5 g6 21. Bd4 Bc8 22. Bxc8 Qxc8 23. Nd2 Ne6 24. Ne4 Nxd4 25. cxd4 Qxg4 26. hxg4 Rfd8 27. Rad1 Ba3 28. Rf2 Rab8 29. Rc2 Rdc8 30. Kf2 Rb2 31. Rdd2 c3 32. Re2 Rb4 33. Nd6 Rcb8 34. Ke3 Bb2 35. Rf2 Rf8 36. Kd3 a4 37. g5 Rd8 38. Rf4 Rd7 39. Rcf2 h6 40. gxh6 Kh7 41. Rxf7+ Rxf7 42. Rxf7+ Kxh6 43. Rf4 Rb6 44. Rf6 Rb4 45. Rf4 Rb6 46. Re4 Rc6 47. Kc2 Ba3 48. Nb5 Bf8 49. Re3 Rb6 50. Nxc3 a3 51. d5 Rb2+ 52. Kd3 Rxg2 53. d6 Kg7 54. Kc4 g5 55. Nd5 Rc2+ 56. Kd4 Rxa2 57. d7 Rd2+ 58. Ke4 Be7 59. Rxa3 Kf7 60. Ra6 Re2+ 61. Kf5 Rf2+ 62. Ke4 Re2+ 63. Ne3 g4 64. e6+ Kg7 65. Kd3 Re1 66. Nxg4 Rd1+ 67. Ke4 Bh4 68. Ne3 Re1 69. Kd3 Bg5 70. Nf5+ Kh7 71. Ra7 Kg6 72. e7 1-0